Pour l'art.

Bibliographic Details
Main Author: Nin, Joaquín, 1879-1949
Format: Book
Language:French
Published: [Paris] : [Ervann, imp.], 1909.
Edition:l. éd.
Subjects:

MARC

Tag First Indicator Second Indicator Subfields
LEADER 00000cam a2200000Ii 4500
001 in00002017575
005 20151031153717.0
008 780504s1909 fr 000 0 fre d
010 |a  10010969  
035 |a (OCoLC)ocm03862750 
040 |a DCL  |c OSU  |d UBA  |d TXA  |d UtOrBLW 
049 |a TXAM 
050 0 |a ML410.N64  |b A35 
090 |a ML410.N64  |b A35 1909 
100 1 |a Nin, Joaquín,  |d 1879-1949. 
245 1 0 |a Pour l'art. 
250 |a l. éd. 
264 1 |a [Paris] :  |b [Ervann, imp.],  |c 1909. 
300 |a 64 pages ;  |c 16 cm. 
336 |a text  |b txt  |2 rdacontent 
337 |a unmediated  |b n  |2 rdamedia 
338 |a volume  |b nc  |2 rdacarrier 
500 |a At head of title: J.-Joachim Nin. 
536 |a From the Howard Mayer Brown, Edward Downes and Mary Schieffelin book collections, October 2004. 
650 0 |a Music appreciation. 
650 0 |a Musical analysis. 
650 0 |a Virtuosity in musical performance. 
948 |a cataloged  |b h  |c 2004/12/16  |d c  |e jgreene  |f 2:38:38 pm 
994 |a E0  |b TXA 
999 |a MARS 
999 f f |s a95a1a02-51bc-3005-900b-37e814af3065  |i a6f7fceb-c8ba-3142-9a57-e51c3f564ad8  |t 0 
952 f f |p ric  |a Texas A&M University  |b Rellis Campus  |c Joint Library Facility  |d Remote Storage  |t 0  |e ML410.N64 A35 1909  |h Library of Congress classification  |i unmediated -- volume  |m A14831693621 
998 f f |a ML410.N64 A35 1909  |t 0  |l Remote Storage